000 00422nam a2200157Ia 4500
008 200103s9999||||xx |||||||||||||| ||und||
020 _a007100193X
040 _aIMU-MPC
082 _aColumn-31
100 _aBeer, Ferdinand P. and Johnston, E. Russell
245 0 _aVector Mechanics for Engineers: Dynamics
250 _a5th Ed.
260 _bMcGraw-Hill Book Company, Inc.
_c1988
300 _axxi, 1047
942 _cBK
999 _c7572
_d7572